Álvaro Villagrán y cuatro mujeres / (Record no. 177738)
[ view plain ]
| 000 -LEADER | |
|---|---|
| campo de control de longitud fija | 01036nam a2200277 i 4500 |
| 001 - NÚMERO DE CONTROL | |
| campo de control | 177738 |
| 003 - IDENTIFICADOR DE NÚMERO DE CONTROL | |
| campo de control | ES-MaACL |
| 005 - FECHA Y HORA DE LA ÚLTIMA TRANSACCIÓN | |
| campo de control | 20240418144925.0 |
| 008 - DATOS DE LONGITUD FIJA--INFORMACIÓN GENERAL | |
| campo de control de longitud fija | 110418s1957 sp |||| | spa d |
| 080 ## - NÚMERO DE LA CLASIFICACIÓN DECIMAL UNIVERSAL | |
| Número de la Clasificación Decimal Universal | 821.134.2-31"19"(082.2) |
| 100 1# - ENTRADA PRINCIPAL--NOMBRE DE PERSONA | |
| Nombre de persona | Agustín, Enrique José. |
| 9 (RLIN) | 146211 |
| 245 10 - MENCIÓN DEL TÍTULO | |
| Título | Álvaro Villagrán y cuatro mujeres / |
| Mención de responsabilidad, etc. | Enrique José Agustín |
| Resto del título | . Los olvidados / Ángel María de Lera . ¿Y el último crimen? / Cástulo Carrasco Martínez . Como el viento / Víctor Alperi Fernández. |
| 260 ## - PUBLICACIÓN, DISTRIBUCIÓN, ETC. | |
| Lugar de publicación, distribución, etc. | Madrid : |
| Nombre del editor, distribuidor, etc. | Aguilar, |
| Fecha de publicación, distribución, etc. | 1957. |
| 300 ## - DESCRIPCIÓN FÍSICA | |
| Extensión | 626 p. ; |
| Dimensiones | 20 cm. |
| 490 1# - MENCIÓN DE SERIE | |
| Mención de serie | Nova navis ; |
| Designación de volumen o secuencia | 4 |
| 650 04 - PUNTO DE ACCESO ADICIONAL DE MATERIA--TÉRMINO DE MATERIA | |
| Término de materia o nombre geográfico como elemento de entrada | Novela española- |
| Subdivisión cronológica | S.XX |
| 9 (RLIN) | 15636 |
| 700 1# - ENTRADA AGREGADA--NOMBRE PERSONAL | |
| Nombre de persona | Lera, Ángel María de, |
| Fechas asociadas al nombre | 1912-1984 |
| 9 (RLIN) | 71742 |
| 700 1# - ENTRADA AGREGADA--NOMBRE PERSONAL | |
| Nombre de persona | Carrasco Martínez, Cástulo. |
| 9 (RLIN) | 146212 |
| 700 1# - ENTRADA AGREGADA--NOMBRE PERSONAL | |
| Nombre de persona | Alperi, Víctor. |
| 9 (RLIN) | 20458 |
| 740 42 - ENTRADA AGREGADA--TÍTULO RELACIONADO/ANALÍTICO NO CONTROLADO | |
| Título relacionado o analítico no controlado | Los olvidados. |
| 740 12 - ENTRADA AGREGADA--TÍTULO RELACIONADO/ANALÍTICO NO CONTROLADO | |
| Título relacionado o analítico no controlado | ¿Y el último crimen? |
| 740 02 - ENTRADA AGREGADA--TÍTULO RELACIONADO/ANALÍTICO NO CONTROLADO | |
| Título relacionado o analítico no controlado | Como el viento. |
| 830 0# - PUNTO DE ACCESO ADICIONAL DE SERIE-TÍTULO UNIFORME | |
| Título uniforme | Nova navis ; |
| Designación de volumen o secuencia | 4 |
| 9 (RLIN) | 190579 |
| 852 ## - LOCALIZACIÓN | |
| Ubicación | ES-MaACL |
| Número de control de estantería | E-14937 |
| Encuadernación | Olim P-259 |
| Estatus retirado | Estado de pérdida | Estado de daño | No para préstamo | Biblioteca de origen | Biblioteca actual | Ubicación en estantería | Fecha de adquisición | Fuente de adquisición | Total de préstamos | Signatura topográfica completa | Código de barras | Visto por última vez | Precio de reemplazo | Tipo de ítem Koha |
|---|---|---|---|---|---|---|---|---|---|---|---|---|---|---|
| Biblioteca del Ateneo de Madrid | Biblioteca del Ateneo de Madrid | Depósito 2 | 18/04/2011 | E-14937 | 1186719 | 23/02/2023 | 23/02/2023 | Libro impreso |
